Countries Amy Macdonald has Visited - Statistics

General Stats
  • This quiz has been taken 24 times
  • The average score is 18 of 21
Answer Stats
Continent Country % Correct
Europe Spain
100%
Europe Austria
94%
Europe Belgium
94%
Europe Denmark
94%
Europe Finland
94%
Europe France
94%
Europe Germany
94%
Europe Ireland
94%
Europe Portugal
94%
Europe Sweden
94%
Europe Switzerland
94%
Europe United Kingdom
94%
Europe Italy
88%
Europe Netherlands
88%
Europe Norway
88%
Europe Poland
88%
Europe Slovakia
88%
North America United States of America
88%
Europe Czech Republic
81%
Europe Luxembourg
69%
Asia Maldives
38%
No matching quizzes found
Score Distribution
Percent of People with Each Score
Percentile by Number Answered
Your Score History
You have not taken this quiz